Страны Северной Америки - Statistics

General Stats
  • This quiz has been taken 24 291 times
  • The average score is 15 of 23
Answers on the Map
Answers color-coded by a green-red scale on the quiz's map according to % correct below.
 
Answer Stats
Страна % Correct
Канада
99%
Соединённые Штаты
99%
Мексика
98%
Куба
86%
Панама
78%
Ямайка
72%
Доминика
71%
Гондурас
70%
Доминиканская Республика
65%
Коста-Рика
64%
Гаити
63%
Гватемала
62%
Никарагуа
61%
Эль-Сальвадор
61%
Багамские Острова
57%
Белиз
57%
Барбадос
49%
Антигуа и Барбуда
44%
Сент-Люсия
43%
Тринидад и Тобаго
43%
Гренада
41%
Сент-Китс и Невис
39%
Сент-Винсент и Гренадины
37%
No matching quizzes found
Score Distribution
Percent of People with Each Score
Percentile by Number Answered
Your Score History
You have not taken this quiz